| 000 | 00620nam a2200229 a 4500 | ||
|---|---|---|---|
| 008 | |||
| 020 | _a1858050154 (pbk.) | ||
| 049 | _aMAIN | ||
| 090 |
_aHF5686 _bLUC. |
||
| 100 | 1 | _aLucey, Terence. | |
| 245 | 1 | 0 |
_aCosting / _cTerence Lucey. |
| 250 | _a4th ed. | ||
| 260 |
_aLondon : _bDP Publications, _c1993. |
||
| 300 |
_av, 584 p. : _bill. ; _c28 cm. |
||
| 504 | _aIncludes index. | ||
| 650 | 0 |
_aCost accounting _xStudy and teaching. |
|
| 907 |
_a.b10240573 _b04-04-18 _c24-04-07 |
||
| 003 | |||
| 005 | 20230123134430.0 | ||
| 040 | _cNUST | ||
| 942 |
_cBOOKS _kHF5686 _mLUC. |
||
| 999 |
_c165830 _d165830 |
||